Jezdecký průvodce Galop Pony : seznámení s jezdectvím a životem v Pony-klubu /

Další autoři: Mašková, Alžběta, 1985-
Jazyk: Čeština
Vydáno: [Praha] : Česká jezdecká federace, [2017]
Edice: Edice FFE
Témata:
Fyzický popis: 80 stran : barevné ilustrace, portréty ; 30 cm
Knihy
Uloženo v:
LEADER 02425cam a2200685 i 4500
001 nkc20193094522
003 CZ PrNK
005 20201105140032.0
007 ta
008 190319t20172017xr ac b f 001 0 cze d
015 |a cnb003094522 
020 |a 978-80-906850-3-1  |q (v knize neuvedeno ;  |q brožováno)  |z 978-80906850-3-1 
035 |a (OCoLC)1226361517 
040 |a OSA001  |b cze  |d BOA001  |e rda 
041 1 |a cze  |h fre 
072 7 |a 798  |x Jezdectví. Sporty se zvířaty  |2 Konspekt  |9 20 
072 7 |a 0/9-053.2  |x Literatura pro děti a mládež (naučná)  |2 Konspekt  |9 26 
080 |a 636.16  |2 MRF 
080 |a 798  |2 MRF 
080 |a 636.088  |2 MRF 
080 |a 636.083  |2 MRF 
080 |a (035)  |2 MRF 
080 |a (084.11)  |2 MRF 
080 |a (0.053.2)  |2 MRF 
245 0 0 |a Jezdecký průvodce Galop Pony :  |b seznámení s jezdectvím a životem v Pony-klubu /  |c překlad: Alžběta Mašková 
246 3 0 |a Galop Pony 
264 1 |a [Praha] :  |b Česká jezdecká federace,  |c [2017] 
264 4 |c ©2017 
300 |a 80 stran :  |b barevné ilustrace, portréty ;  |c 30 cm 
336 |a text  |b txt  |2 rdacontent 
336 |a statický obraz  |b sti  |2 rdacontent 
337 |a bez média  |b n  |2 rdamedia 
338 |a svazek  |b nc  |2 rdacarrier 
490 1 |a Edice FFE 
500 |a Přeloženo z francouzštiny 
500 |a Název z obálky 
500 |a Nad názvem uvedeno původní nakladatelství: Fédération française d'équitation 
500 |a Obsahuje rejstřík 
650 0 7 |a pony  |7 ph115818  |2 czenas 
650 0 7 |a jezdectví  |7 ph114832  |2 czenas 
650 0 7 |a výcvik zvířat  |7 ph135107  |2 czenas 
650 0 7 |a péče o zvířata  |7 ph134959  |2 czenas 
650 0 9 |a ponies  |2 eczenas 
650 0 9 |a horsemanship  |2 eczenas 
650 0 9 |a animal training  |2 eczenas 
650 0 9 |a animal care  |2 eczenas 
655 7 |a příručky  |7 fd133209  |2 czenas 
655 7 |a obrazové publikace  |7 fd132947  |2 czenas 
655 7 |a publikace pro děti  |7 fd133156  |2 czenas 
655 9 |a handbooks and manuals  |2 eczenas 
655 9 |a pictorial works  |2 eczenas 
655 9 |a children's literature  |2 eczenas 
700 1 |a Mašková, Alžběta,  |d 1985-  |7 jo20201089934  |4 trl 
830 0 |a Edice FFE  |0 s 
910 2 |a BOA001  |b 4-1435.126 
920 |a 000758303  |z OSA001 
990 |a BK 
995 |a 01 
991 |b 201909  |c NOV 
996 6 |b 2610795169  |c 4-1435.126  |l MZK  |r Sklad / do 1 hodiny  |n 1  |p p.v.  |w 001754738  |u 000010  |a 1  |e BOA001  |j MZK50  |s P